000 00638nam a2200181Ia 4500
008 151018s9999 xx 000 0 und d
082 _bRBASDV18617
_a891.463
100 _aचंद्रकांत काकोडकर
245 _aकीर्तीमंदिर
250 _b1
260 _bमनोरमा प्रकाशन मुंबई
_c1985
300 _a164
600 _aचंद्रकांत काकोडकर
630 _aकीर्तीमंदिर
700 _aचंद्रकांत काकोडकर
730 _aकीर्तीमंदिर
942 _cBOOK
999 _c1019265
_d1019262